[Event "Manhem Elo 2012"]
[Site "?"]
[Date "2012.08.13"]
[Round "4"]
[White "Ljunggren, Jacob"]
[Black "Fransson, Lennart"]
[Result "0-1"]
[WhiteElo "1973"]
[BlackElo "2099"]
[PlyCount "60"]
[EventDate "2012.08.11"]
[SourceDate "2012.08.11"]

1. e4 c6 2. d3 d5 3. Nd2 e5 4. Ngf3 Bd6 5. g3 Ne7 6. Bg2 Na6 7. O-O O-O 8. Re1
Ng6 9. b4 Nxb4 10. a3 Na6 11. exd5 cxd5 12. Bb2 Re8 13. c4 d4 14. Ne4 Bc7 15.
Qb3 h6 16. Nfd2 f5 17. c5+ Kh7 18. Bxd4 Rf8 19. Nd6 exd4 20. Nxc8 Rxc8 21. Qxb7
Nxc5 22. Qb5 Ba5 23. Re2 a6 24. Qc4 Bxd2 25. Rxd2 Ne4 26. Qa2 Nxd2 27. Qxd2 Rc3
28. Re1 Re8 29. Rb1 Qa5 30. Rb7 Rc1+ 0-1

[Event "Manhem Elo 2012"]
[Site "?"]
[Date "2012.08.13"]
[Round "4"]
[White "Wahlström, Lennart"]
[Black "Björkdahl, Daniel"]
[Result "1/2-1/2"]
[WhiteElo "2138"]
[BlackElo "1929"]
[PlyCount "90"]
[EventDate "2012.08.11"]
[SourceDate "2012.08.11"]

1. e4 c5 2. Nf3 d6 3. d4 cxd4 4. Nxd4 Nf6 5. Nc3 g6 6. Be2 Bg7 7. O-O O-O 8.
Nb3 Be6 9. Be3 Nc6 10. f4 Na5 11. f5 Bc4 12. Nxa5 Bxe2 13. Qxe2 Qxa5 14. Bd4 a6
15. fxg6 hxg6 16. Kh1 b5 17. Bxf6 Bxf6 18. Nd5 Bxb2 19. Nxe7+ Kg7 20. Rab1 Be5
21. Rb3 Rh8 22. h3 Qc7 23. Nd5 Qd8 24. a4 Qh4 25. Qf3 Rhf8 26. Ne3 bxa4 27. Rb7
Qf6 28. Qg4 Qxf1+ 29. Nxf1 a3 30. Nd2 a2 31. Nb3 Rab8 32. Qd7 a5 33. c3 Bxc3
34. Rxb8 Rxb8 35. Qa4 a1=Q+ 36. Nxa1 Rb1+ 37. Kh2 Rxa1 38. Qc4 Be5+ 39. g3 a4
40. Kg2 a3 41. Kf3 Rg1 42. Kg4 Rxg3+ 43. Kh4 Rg2 44. Qxf7+ Kh8 45. Qh7+ Kxh7
1/2-1/2

[Event "Manhem GM 2012"]
[Site "www.ssmanhem.se"]
[Date "2012.08.14"]
[Round "5"]
[White "Berg, Emanuel"]
[Black "Welin, Mats"]
[Result "1/2-1/2"]
[WhiteElo "2576"]
[BlackElo "2270"]
[PlyCount "120"]
[EventDate "2012.??.??"]
[SourceDate "2012.08.11"]

1. e4 e5 2. Nf3 Nc6 3. Bc4 Bc5 4. O-O Nf6 5. d3 d6 6. c3 Bb6 7. Re1 O-O 8. h3
Ne7 9. Nbd2 Ng6 10. Bb3 c6 11. Nf1 Nh5 12. Bg5 Qe8 13. Nh4 Ngf4 14. Nf5 Bxf5
15. exf5 Qd7 16. Ne3 Kh8 17. Kh2 h6 18. Bxf4 Nxf4 19. d4 exd4 20. cxd4 g6 21.
Qg4 Bxd4 22. Rad1 Bxe3 23. Rxe3 Nh5 24. fxg6 Qxg4 25. hxg4 Nf6 26. Re7 d5 27.
Rxb7 Nxg4+ 28. Kg3 Ne5 29. gxf7 Kg7 30. Re1 Kf6 31. f4 Nxf7 32. Rc7 Rfc8 33.
Ree7 Nd6 34. Rxc8 Rxc8 35. Rxa7 Rb8 36. Ra6 Nf5+ 37. Kh3 Ne7 38. g4 Ke6 39. Kh4
Rf8 40. Kg3 Rb8 41. Kh4 Rf8 42. f5+ Ke5 43. Ba4 h5 44. Bxc6 hxg4 45. Bd7 Nxf5+
46. Kxg4 Ne3+ 47. Kg3 d4 48. Bb5 Nf5+ 49. Kg2 Rb8 50. Ra5 Kf4 51. b3 Ke3 52.
Bc4 Rf8 53. Be6 Nh4+ 54. Kg3 Nf3 55. Rf5 Rxf5 56. Bxf5 Ne5 57. a4 Nc6 58. Bd7
Nb4 59. a5 d3 60. Bg4 Kd2 1/2-1/2

[Event "Manhem Elo 2012"]
[Site "?"]
[Date "2012.08.14"]
[Round "5"]
[White "Fransson, Lennart"]
[Black "Berggren Torell, Harald"]
[Result "0-1"]
[WhiteElo "2099"]
[BlackElo "2039"]
[PlyCount "54"]
[EventDate "2012.08.11"]
[SourceDate "2012.08.11"]

1. c4 g6 2. g3 c5 3. Bg2 Bg7 4. d3 Nc6 5. e3 b6 6. Ne2 Bb7 7. O-O Nf6 8. Nbc3
O-O 9. Rb1 d6 10. a3 Qd7 11. f4 Ne8 12. f5 gxf5 13. d4 e6 14. d5 Ne5 15. b3 Nf6
16. e4 Nxe4 17. Nxe4 fxe4 18. Bxe4 exd5 19. Bf5 Qc6 20. Nc3 dxc4 21. Be4 Qd7
22. Nd5 f5 23. Bxf5 Rxf5 24. Rxf5 Kh8 25. Rxe5 dxe5 26. bxc4 Qf5 27. Rb3 Qe4
0-1

[Event "Manhem Elo 2012"]
[Site "?"]
[Date "2012.08.14"]
[Round "5"]
[White "Gromark, Per-Olof"]
[Black "Wahlström, Lennart"]
[Result "1-0"]
[WhiteElo "1955"]
[BlackElo "2138"]
[PlyCount "71"]
[EventDate "2012.08.11"]
[SourceDate "2012.08.11"]

1. d4 d5 2. c4 e6 3. Nc3 c5 4. cxd5 exd5 5. Nf3 Nc6 6. g3 Nf6 7. Bg2 Bg4 8.
dxc5 Bxc5 9. O-O O-O 10. a3 a6 11. b4 Ba7 12. Bg5 h6 13. Bxf6 Qxf6 14. Nxd5 Qb2
15. Qd3 Bxf3 16. Qxf3 Nd4 17. Ne7+ Kh8 18. Qxb7 Nxe2+ 19. Kh1 Bxf2 20. Rab1 Qf6
21. Nd5 Qf5 22. Nf4 Nxf4 23. gxf4 Ra7 24. Qf3 Bb6 25. Rbc1 Rd8 26. Bh3 Qd5 27.
Qxd5 Rxd5 28. Rc6 Bc7 29. Rf2 a5 30. Bf1 axb4 31. axb4 Rd4 32. b5 Rb7 33. f5
Be5 34. Bc4 Rf4 35. Ra2 Rb8 36. b6 1-0

[Event "Manhem GM 2012"]
[Site "www.ssmanhem.se"]
[Date "2012.08.14"]
[Round "5"]
[White "Henrichs, Thomas"]
[Black "Semcesen, Daniel"]
[Result "1-0"]
[WhiteElo "2493"]
[BlackElo "2463"]
[PlyCount "159"]
[EventDate "2012.??.??"]
[SourceDate "2012.08.11"]

1. e4 e5 2. Nf3 Nc6 3. Bb5 Nf6 4. O-O Bc5 5. Nxe5 Nxe4 6. Qe2 Nxe5 7. Qxe4 Qe7
8. d4 Nc6 9. Qxe7+ Bxe7 10. c3 a6 11. Ba4 d6 12. Re1 Be6 13. Nd2 b5 14. Bc2 Kd7
15. Nf1 Na5 16. Ng3 g6 17. Ne2 Bd5 18. b3 Bb7 19. Bd2 Bf6 20. Rad1 Nc6 21. b4
Ne7 22. Nf4 Nd5 23. Bb3 c6 24. Nxd5 cxd5 25. Re3 Rhe8 26. Rf3 Re6 27. g4 Ke7
28. Rh3 Rh8 29. a4 bxa4 30. Bxa4 h5 31. g5 Bg7 32. Ra1 f6 33. Bb3 Kd7 34. Rf3
f5 35. Kf1 Rb8 36. Ra5 Re4 37. Bc2 Re7 38. Bd3 Ra8 39. Bf4 Bf8 40. h4 Ree8 41.
Bc2 Bc6 42. Bd3 Bb7 43. Re3 Rxe3 44. fxe3 Be7 45. Ke2 Bd8 46. Ra3 Ke6 47. Kd1
Kd7 48. Kc2 Ke6 49. Kb3 Bb6 50. Ra1 Ke7 51. c4 dxc4+ 52. Bxc4 d5 53. Be2 Ke6
54. Be5 Ke7 55. Ra2 Ke6 56. b5 axb5 57. Rxa8 Bxa8 58. Bxb5 Kf7 59. Kb4 Bb7 60.
Bd6 Kg7 61. Be8 Ba6 62. Be5+ Kh7 63. Bb5 Bb7 64. Ba4 Ba6 65. Bb3 Bb7 66. Kb5
Ba7 67. Ka5 Kg8 68. Ba4 Kf7 69. Bb5 Ke7 70. Bc7 Kf7 71. Bf4 Ke7 72. Ba6 Bc6 73.
Bb5 Bb7 74. Be5 Kf7 75. Ba6 Bc6 76. Bc8 Ke7 77. Ka6 Kd8 78. Bb7 Bxb7+ 79. Kxb7
f4 80. exf4 1-0

[Event "Manhem GM 2012"]
[Site "www.ssmanhem.se"]
[Date "2012.08.14"]
[Round "5"]
[White "Nithander, Victor"]
[Black "Bejtovic, Jasmin"]
[Result "1-0"]
[WhiteElo "2438"]
[BlackElo "2393"]
[PlyCount "139"]
[EventDate "2012.??.??"]
[SourceDate "2012.08.11"]

1. c4 c5 2. g3 Nc6 3. Bg2 Nf6 4. Nc3 e6 5. d3 d5 6. cxd5 exd5 7. Bg5 Be7 8. Rc1
O-O 9. Nf3 Be6 10. O-O Rc8 11. Nd2 b6 12. a3 h6 13. Bxf6 Bxf6 14. Qa4 Qd7 15.
Rfe1 d4 16. Nce4 Be7 17. Nc4 f5 18. Ned2 Bd5 19. Nf3 Qb7 20. Ncd2 Rce8 21. Nh4
Bxg2 22. Nxg2 a5 23. Nf4 Bg5 24. Qb3+ Kh7 25. Nc4 Bxf4 26. gxf4 Rf6 27. Qxb6
Qe7 28. Qb5 Rg6+ 29. Kh1 Na7 30. Qb3 Rg4 31. e3 Qh4 32. Ne5 Qxf2 33. Qc2 Qxc2
34. Rxc2 Rh4 35. Nf3 Rg4 36. Ne5 Rh4 37. exd4 cxd4 38. Rf1 Nb5 39. Kg2 g5 40.
Rc5 Nd6 41. Kg3 Rb8 42. Rc7+ Kg8 43. Rc6 Rxf4 44. Rxf4 gxf4+ 45. Kxf4 Nf7 46.
Nc4 Rb3 47. h4 Rxd3 48. Rc8+ Kg7 49. Rc7 Rh3 50. Ne5 Kf6 51. Rxf7+ Ke6 52. Rb7
Rxh4+ 53. Kg3 Rh1 54. Nf3 Kd5 55. Rd7+ Kc4 56. Nxd4 Rb1 57. b3+ Kc3 58. Kf4
Rf1+ 59. Ke5 f4 60. Ke4 h5 61. Rc7+ Kb2 62. a4 f3 63. Nxf3 Rd1 64. Nd4 h4 65.
Rc2+ Ka3 66. Rh2 Re1+ 67. Kd5 Rg1 68. Rxh4 Rg5+ 69. Kc4 Rg2 70. Rh5 1-0

[Event "Manhem GM 2012"]
[Site "www.ssmanhem.se"]
[Date "2012.08.14"]
[Round "5"]
[White "Nybäck, Tomi"]
[Black "Frisk Kockum, Anton"]
[Result "1/2-1/2"]
[WhiteElo "2638"]
[BlackElo "2329"]
[PlyCount "92"]
[EventDate "2012.??.??"]
[SourceDate "2012.08.11"]

1. d4 e6 2. c4 Nf6 3. Nf3 Bb4+ 4. Nbd2 b6 5. a3 Bxd2+ 6. Qxd2 Bb7 7. e3 a5 8.
b3 d6 9. Be2 Nbd7 10. Bb2 O-O 11. O-O Qe7 12. Qc2 Rfc8 13. b4 c5 14. dxc5 dxc5
15. b5 e5 16. Rad1 e4 17. Nh4 Qe6 18. Qc3 Re8 19. h3 Ne5 20. Qxe5 Qxe5 21. Bxe5
Rxe5 22. Rd6 Re6 23. Rfd1 Kf8 24. Nf5 g6 25. Rd8+ Ne8 26. Rxa8 Bxa8 27. Rd8 Bb7
28. Rb8 gxf5 29. Rxb7 Nf6 30. f3 Rd6 31. Kf2 h5 32. Kg3 Kg7 33. fxe4 fxe4 34.
Kh4 Kg6 35. g4 hxg4 36. Bxg4 Rd3 37. Rxb6 Rxe3 38. Rc6 Rxa3 39. Rxc5 Rb3 40.
Rc6 a4 41. Ra6 a3 42. b6 Kg7 43. c5 e3 44. Be2 Rb4+ 45. Kg3 Ne4+ 46. Kf3 Nxc5
1/2-1/2

[Event "Manhem Elo 2012"]
[Site "?"]
[Date "2012.08.14"]
[Round "5"]
[White "Persson, Börje"]
[Black "Ljunggren, Johan"]
[Result "0-1"]
[WhiteElo "1946"]
[BlackElo "1973"]
[PlyCount "72"]
[EventDate "2012.08.11"]
[SourceDate "2012.08.11"]

1. e4 e5 2. Nf3 Nc6 3. Bb5 a6 4. Ba4 Nf6 5. O-O b5 6. Bb3 Be7 7. Re1 O-O 8. c3
d5 9. exd5 Nxd5 10. Nxe5 Nxe5 11. Rxe5 c6 12. d4 Bd6 13. Re1 Qh4 14. g3 Qh3 15.
Re4 g5 16. Qf1 Qh5 17. Nd2 f5 18. Re1 f4 19. Ne4 fxg3 20. Nxg3 Bxg3 21. hxg3
Bh3 22. Qe2 Bg4 23. Qd2 h6 24. f4 Rae8 25. Re5 Rxe5 26. dxe5 gxf4 27. gxf4 Be2
28. Bxd5+ cxd5 29. Qxd5+ Kh8 30. Kf2 Rg8 31. Be3 Qh2+ 32. Ke1 Bc4 33. Qf3 Rg3
34. Qa8+ Kg7 35. Bf2 Rg1+ 36. Kd2 Qxf2# 0-1

[Event "Manhem GM 2012"]
[Site "www.ssmanhem.se"]
[Date "2012.08.15"]
[Round "6"]
[White "Bejtovic, Jasmin"]
[Black "Nybäck, Tomi"]
[Result "1/2-1/2"]
[WhiteElo "2393"]
[BlackElo "2638"]
[PlyCount "72"]
[EventDate "2012.??.??"]
[SourceDate "2012.08.11"]

1. e4 e5 2. Nf3 Nc6 3. d4 exd4 4. Nxd4 Bc5 5. Be3 Qf6 6. c3 Nge7 7. Bc4 O-O 8.
O-O b6 9. Nc2 Bb7 10. Nd2 Rad8 11. Bxc5 bxc5 12. Ne3 Ne5 13. Be2 d5 14. f4 dxe4
15. fxe5 Qh6 16. Nec4 e3 17. Qb3 Rb8 18. Qc2 exd2 19. Qxd2 Qxd2 20. Nxd2 Ng6
21. Nc4 Ba6 22. Rae1 Rfe8 23. Na5 Bxe2 24. Rxe2 f6 25. Nc4 fxe5 26. Rfe1 Re7
27. Re4 Rf8 28. g3 Re6 29. R1e2 h5 30. h4 Rd8 31. Kg2 c6 32. a3 Rd5 33. Ne3 Rd3
34. Nc4 Rd5 35. Ne3 Rd3 36. Nc4 Rd5 1/2-1/2

[Event "Manhem Elo 2012"]
[Site "?"]
[Date "2012.08.15"]
[Round "6"]
[White "Berggren Torell, Harald"]
[Black "Persson, Börje"]
[Result "1-0"]
[WhiteElo "1946"]
[BlackElo "2039"]
[PlyCount "43"]
[EventDate "2012.08.11"]
[SourceDate "2012.08.11"]

1. e4 c5 2. Nf3 e6 3. d4 cxd4 4. Nxd4 a6 5. Nc3 Qc7 6. Bd3 Nc6 7. Be3 Nf6 8.
O-O Ne5 9. Nf3 Bd6 10. Nxe5 Bxe5 11. f4 Bxc3 12. bxc3 Qxc3 13. a4 Nxe4 14. Rf3
Qc6 15. Rh3 d5 16. Qg4 g6 17. Bxe4 dxe4 18. Qg5 Bd7 19. Qf6 Rf8 20. Rxh7 Qxc2
21. Rc1 Qe2 22. Bc5 1-0

[Event "Manhem Elo 2012"]
[Site "?"]
[Date "2012.08.15"]
[Round "6"]
[White "Björkdahl, Daniel"]
[Black "Gromark, Per-Olof"]
[Result "0-1"]
[WhiteElo "1929"]
[BlackElo "2117"]
[PlyCount "84"]
[EventDate "2012.08.11"]
[SourceDate "2012.08.11"]

1. d4 Nf6 2. Nf3 g6 3. e3 Bg7 4. Be2 c5 5. O-O O-O 6. b3 cxd4 7. exd4 d5 8. Bb2
Nc6 9. a3 Bf5 10. Nbd2 Rc8 11. Rc1 Qb6 12. c3 Rfd8 13. Re1 Ne4 14. Nf1 Na5 15.
N3d2 Bh6 16. b4 Nxd2 17. Nxd2 Bxd2 18. Qxd2 Nb3 19. Qe3 Nxc1 20. Bxc1 Qc7 21.
Bd2 Rd6 22. g4 Re6 23. Qf3 Be4 24. Qh3 Bc2 25. Qf3 Re4 26. Rc1 Bb3 27. Bd3 Re6
28. Bf4 Rf6 29. Bxc7 Rxf3 30. Be2 Rf6 31. Be5 Rfc6 32. g5 Rxc3 33. Rf1 Rc1 34.
Bg4 Rxf1+ 35. Kxf1 Rc1+ 36. Kg2 Ra1 37. b5 Rxa3 38. b6 axb6 39. Bd7 Ba4 40. Bc8
Bc6 41. Bc7 e6 42. Bxb6 Ra8 0-1

[Event "Manhem GM 2012"]
[Site "www.ssmanhem.se"]
[Date "2012.08.15"]
[Round "6"]
[White "Frisk Kockum, Anton"]
[Black "Rozentalis, Eduardas"]
[Result "1/2-1/2"]
[WhiteElo "2329"]
[BlackElo "2585"]
[PlyCount "101"]
[EventDate "2012.??.??"]
[SourceDate "2012.08.11"]

1. d4 Nf6 2. Nf3 d6 3. c4 Bg4 4. e3 g6 5. Be2 Bg7 6. O-O O-O 7. b3 c5 8. Bb2
cxd4 9. Nxd4 Bxe2 10. Qxe2 Nc6 11. Nd2 Qa5 12. Rfd1 Rfd8 13. e4 Ne5 14. N2f3
Nh5 15. g3 Rac8 16. Nxe5 Bxe5 17. Nf3 Bxb2 18. Qxb2 Nf6 19. Re1 e5 20. Qd2 Qc7
21. Rad1 Kg7 22. Nh4 h6 23. Ng2 a6 24. Qe2 Qc5 25. Qf3 Qc6 26. g4 b5 27. cxb5
axb5 28. h4 d5 29. exd5 Nxd5 30. Ne3 Nb4 31. Qxc6 Nxc6 32. Rxd8 Rxd8 33. a4 Nd4
34. Kg2 Rb8 35. axb5 Rxb5 36. Nc4 f6 37. Ra1 Rxb3 38. Ra7+ Kf8 39. Ra8+ Ke7 40.
Ra7+ Kd8 41. Ra8+ Kd7 42. Ra7+ Kc6 43. Na5+ Kb6 44. Nxb3 Kxa7 45. Nc5 Kb6 46.
Nd7+ Kc6 47. Nxf6 Kd6 48. Ng8 h5 49. gxh5 gxh5 50. Nf6 Nf5 51. Nxh5 1/2-1/2

[Event "Manhem GM 2012"]
[Site "www.ssmanhem.se"]
[Date "2012.08.15"]
[Round "6"]
[White "Henrichs, Thomas"]
[Black "Berg, Emanuel"]
[Result "1/2-1/2"]
[WhiteElo "2493"]
[BlackElo "2576"]
[PlyCount "109"]
[EventDate "2012.??.??"]
[SourceDate "2012.08.11"]

1. d4 e6 2. Nf3 Nf6 3. c4 b6 4. g3 Ba6 5. b3 Bb4+ 6. Bd2 Be7 7. Bg2 c6 8. Bc3
d5 9. Ne5 Nfd7 10. Nxd7 Nxd7 11. Nd2 f5 12. O-O O-O 13. a4 Rc8 14. Re1 Bd6 15.
e3 Nf6 16. a5 b5 17. c5 Bb8 18. b4 Rc7 19. Nf3 Bc8 20. Ne5 Bd7 21. f3 Be8 22.
Ra2 Re7 23. h3 Bxe5 24. dxe5 Nd7 25. Bf1 a6 26. Rg2 g5 27. Bd3 Bg6 28. Rf1 Rg7
29. f4 h5 30. Be2 g4 31. Rh2 Qe8 32. Kg2 Kf7 33. Rfh1 Ke7 34. hxg4 hxg4 35. Rh6
Rfg8 36. R1h4 Nf8 37. Qh1 Qf7 38. Kf2 Kd8 39. Bd4 Kc8 40. Qg2 Rh7 41. Rxh7 Bxh7
42. Qh1 Bg6 43. Rh6 Rg7 44. Qh4 Rh7 45. Rxh7 Qxh7 46. Qf6 Qf7 47. Qh8 Bh7 48.
Bd1 Kd7 49. Be2 Ke8 50. Bf1 Qg6 51. Kg1 Qh6 52. Bg2 Kf7 53. Bf1 Ke8 54. Bg2 Kf7
55. Bf1 1/2-1/2

[Event "Manhem Elo 2012"]
[Site "?"]
[Date "2012.08.15"]
[Round "6"]
[White "Ljunggren, Jacob"]
[Black "Björkeroth, Johan"]
[Result "1-0"]
[WhiteElo "1973"]
[BlackElo "2001"]
[PlyCount "69"]
[EventDate "2012.08.11"]
[SourceDate "2012.08.11"]

1. e4 e5 2. Nf3 Nc6 3. Bb5 Nf6 4. O-O d6 5. d4 exd4 6. Nxd4 Bd7 7. Bxc6 bxc6 8.
Re1 Be7 9. Qf3 O-O 10. Nc3 Qc8 11. Bg5 c5 12. Nf5 Bxf5 13. exf5 Qd7 14. Rxe7
Qxe7 15. Nd5 Qe5 16. Nxf6+ Kh8 17. Ng4 Qxb2 18. Rf1 f6 19. Bf4 Qxa2 20. Qc6 Qc4
21. g3 Qf7 22. Ne3 a5 23. Nd5 Rfc8 24. Re1 Re8 25. Re7 Rxe7 26. Nxe7 Re8 27.
Nd5 Qh5 28. Nxc7 Re1+ 29. Kg2 g5 30. Qa8+ Kg7 31. Ne6+ Rxe6 32. fxe6 gxf4 33.
e7 f3+ 34. Kg1 Qe5 35. Qf8+ 1-0

[Event "Manhem GM 2012"]
[Site "www.ssmanhem.se"]
[Date "2012.08.15"]
[Round "6"]
[White "Semcesen, Daniel"]
[Black "Tikkanen, Hans"]
[Result "1-0"]
[WhiteElo "2463"]
[BlackElo "2570"]
[PlyCount "149"]
[EventDate "2012.??.??"]
[SourceDate "2012.08.11"]

1. Nf3 d5 2. b3 Nc6 3. Bb2 Bg4 4. e3 e5 5. h3 Bxf3 6. Qxf3 g6 7. Bb5 Bg7 8. e4
Nge7 9. Bxc6+ bxc6 10. d3 O-O 11. Nd2 f5 12. Qe2 g5 13. O-O-O Ng6 14. g3 Qf6
15. Rdf1 fxe4 16. dxe4 Rf7 17. Qa6 d4 18. Qb7 Rff8 19. Qxc7 a5 20. Nc4 a4 21.
Kb1 axb3 22. axb3 Rfd8 23. Rd1 Rac8 24. Qb7 Rb8 25. Qc7 Qf3 26. Rhe1 Rbc8 27.
Qb7 Rb8 28. Qxc6 Kh8 29. Rd2 d3 30. Re3 Qh1+ 31. Bc1 Rbc8 32. Qa4 Ra8 33. Rdxd3
Rdc8 34. Na5 Bf8 35. b4 Rc4 36. Rb3 Rd4 37. Red3 Rxe4 38. Qc6 Rc8 39. Qxc8 Re1
40. Kb2 Rxc1 41. Re3 Ra1 42. Kc3 Qd1 43. Rd3 Qe1+ 44. Kc4 Qe2 45. Qg4 Qxc2+ 46.
Kb5 Qxf2 47. Qf3 Qa7 48. Qf6+ Kg8 49. Qe6+ Kh8 50. Rd7 Qb8+ 51. Nb7 Rf1 52. Rc3
Bxb4 53. Kxb4 Nf8 54. Qd6 Nxd7 55. Qxd7 Rb1+ 56. Rb3 Qf8+ 57. Nd6 Qb8+ 58. Nb5
Qf8+ 59. Qd6 Rxb3+ 60. Kxb3 Qf5 61. Nc3 Kg7 62. g4 Qf4 63. Qd7+ Kg6 64. Qd3+
Kg7 65. Ne4 h5 66. Ng3 Qf7+ 67. Kc3 Qc7+ 68. Kd2 hxg4 69. hxg4 Qc6 70. Qe4 Qb5
71. Ke3 Qb2 72. Kf3 Qb3+ 73. Qe3 Qb7+ 74. Ne4 Kg6 75. Qxg5+ 1-0

[Event "Manhem Elo 2012"]
[Site "?"]
[Date "2012.08.15"]
[Round "6"]
[White "Wahlström, Lennart"]
[Black "Fransson, Lennart"]
[Result "1-0"]
[WhiteElo "2138"]
[BlackElo "2099"]
[PlyCount "191"]
[EventDate "2012.08.11"]
[SourceDate "2012.08.11"]

1. e4 c6 2. d4 Na6 3. Nf3 d6 4. Nc3 Nc7 5. Be2 g6 6. O-O Bg7 7. Be3 Nf6 8. h3
O-O 9. a4 Bd7 10. Qd2 b5 11. axb5 cxb5 12. Bd3 Qb8 13. e5 b4 14. Ne2 Nfd5 15.
Bh6 Bc6 16. Bxg7 Kxg7 17. Ng3 f5 18. Rfe1 Ne6 19. Bc4 a5 20. Ng5 Nxg5 21. Qxg5
h6 22. Qd2 Qb7 23. exd6 exd6 24. Re6 Nb6 25. Bf1 Bd5 26. Nh5+ Kh7 27. Rxd6 f4
28. Nxf4 Qc7 29. Rxb6 Rxf4 30. Re1 Raf8 31. Rb5 Rxf2 32. Qxf2 Rxf2 33. Kxf2
Qf4+ 34. Kg1 Qxd4+ 35. Kh1 h5 36. Rxa5 Be4 37. c3 bxc3 38. bxc3 Qb6 39. Ra6 Qf2
40. Raa1 Bc6 41. c4 Kh6 42. Re6 Bb7 43. Rae1 Kg5 44. R6e2 Qd4 45. Re7 Bc6 46.
R1e3 Qd2 47. Be2 Kf4 48. Bf3 Qc1+ 49. Re1 Qxc4 50. Rc7 Qb4 51. Rc1 Bb5 52. R7c5
Qd2 53. Rb1 Bd7 54. Rd5 Qc2 55. Rb4+ Kg3 56. Rxd7 g5 57. Rd1 g4 58. Bxg4 hxg4
59. Rxg4+ Kf2 60. Rgd4 Qc6 61. R1d2+ Ke3 62. Rd6 Qc8 63. Rd8 Qc6 64. R2d3+ Ke2
65. R3d4 Ke3 66. R4d6 Qc4 67. Re8+ Kf4 68. Rf6+ Kg5 69. Rf3 Qc1+ 70. Kh2 Qc7+
71. Kg1 Qc1+ 72. Rf1 Qc5+ 73. Kh1 Qc4 74. Ref8 Kg6 75. R8f4 Qd3 76. Rg4+ Kh5
77. Rc1 Qd2 78. Rgc4 Qd3 79. Rc6 Kg5 80. Kh2 Qd2 81. R1c5+ Kf4 82. Rc2 Qd3 83.
R6c3 Qd1 84. Rf3+ Kg5 85. Rcf2 Qd6+ 86. g3 Qd1 87. h4+ Kg6 88. Rf5 Qd4 89. h5+
Kg7 90. g4 Kh6 91. R5f4 Qe5 92. Kh3 Qd5 93. Rf6+ Kg7 94. Rf7+ Kg8 95. Rf8+ Kg7
96. R2f7+ 1-0

[Event "Manhem GM 2012"]
[Site "www.ssmanhem.se"]
[Date "2012.08.15"]
[Round "6"]
[White "Welin, Mats"]
[Black "Nithander, Victor"]
[Result "0-1"]
[WhiteElo "2270"]
[BlackElo "2438"]
[PlyCount "62"]
[EventDate "2012.??.??"]
[SourceDate "2012.08.11"]

1. e4 d6 2. d4 Nf6 3. Nc3 g6 4. Be3 Bg7 5. Qd2 O-O 6. f3 c6 7. Bh6 e5 8. Nge2
exd4 9. Nxd4 Nxe4 10. Nxe4 Qh4+ 11. g3 Qxh6 12. Qxh6 Bxh6 13. c4 Rd8 14. Rd1 f5
15. Nc3 Nd7 16. Kf2 Nc5 17. Bg2 Re8 18. f4 Bg7 19. Rd2 a5 20. b3 Be6 21. Nde2
Bf8 22. Nd4 Bf7 23. Nc2 Bg7 24. Nd4 a4 25. b4 Ne4+ 26. Bxe4 fxe4 27. Re1 Bxc4
28. Rxe4 Rxe4 29. Nxe4 Bxa2 30. Nxc6 Bb1 31. Ne7+ Kf7 0-1

[Event "Manhem Elo 2012"]
[Site "?"]
[Date "2012.08.15"]
[Round "7"]
[White "Persson, Börje"]
[Black "Wahlström, Lennart"]
[Result "0-1"]
[WhiteElo "1946"]
[BlackElo "2138"]
[PlyCount "34"]
[EventDate "2012.08.15"]
[SourceDate "2012.08.15"]

1. e4 e5 2. Nf3 Nc6 3. Bb5 a6 4. Ba4 Nf6 5. O-O Be7 6. Re1 b5 7. Bb3 O-O 8. c3
d5 9. exd5 Nxd5 10. Nxe5 Nxe5 11. Rxe5 Nb6 12. d4 Bd6 13. Bg5 Qd7 14. Re1 Bb7
15. Nd2 Rae8 16. Nf1 Rxe1 17. Qxe1 Qg4 0-1

[Event "Manhem Elo 2012"]
[Site "?"]
[Date "2012.08.15"]
[Round "7"]
[White "Björkeroth, Johan"]
[Black "Berggren Torell, Harald"]
[Result "1/2-1/2"]
[WhiteElo "2001"]
[BlackElo "2039"]
[PlyCount "46"]
[EventDate "2012.08.15"]
[SourceDate "2012.08.15"]

1. e4 Nf6 2. e5 Nd5 3. d4 d6 4. Nf3 dxe5 5. Nxe5 g6 6. Bc4 c6 7. Nc3 Bg7 8. Qf3
Be6 9. O-O O-O 10. Re1 Nc7 11. Qf4 Bxc4 12. Nxc4 Ne6 13. Rxe6 fxe6 14. Qe4 Qxd4
15. Qxe6+ Kh8 16. Be3 Qd7 17. Qe4 b5 18. Nd2 Na6 19. Nf3 b4 20. Ne2 Rae8 21.
Rf1 c5 22. Ng5 e5 23. Qc4 Rf6 1/2-1/2

[Event "Manhem Elo 2012"]
[Site "?"]
[Date "2012.08.15"]
[Round "7"]
[White "Fransson, Lennart"]
[Black "Björkdahl, Daniel"]
[Result "1-0"]
[WhiteElo "2099"]
[BlackElo "1929"]
[PlyCount "79"]
[EventDate "2012.08.15"]
[SourceDate "2012.08.15"]

1. c4 e6 2. g3 d5 3. Bg2 Nf6 4. Nf3 c6 5. O-O Bd6 6. b3 O-O 7. Bb2 Nbd7 8. d3
Re8 9. Nbd2 e5 10. e3 Nf8 11. Qc2 h6 12. h3 Ng6 13. Rad1 Be6 14. Kh2 Nh7 15.
Ng1 f5 16. f4 h5 17. Ndf3 e4 18. Nd4 Qe7 19. Nxe6 Qxe6 20. Ne2 Nf6 21. Nd4 Qd7
22. Ne2 Kf7 23. Bxf6 gxf6 24. dxe4 fxe4 25. cxd5 f5 26. dxc6 bxc6 27. Qc4+ Kf8
28. Rd2 Qc7 29. Rfd1 Rad8 30. Nd4 Nxf4 31. gxf4 Bxf4+ 32. exf4 Qxf4+ 33. Kh1
Rd6 34. Ne2 Rxd2 35. Nxf4 Rxd1+ 36. Kh2 e3 37. Qxc6 Rd2 38. Qf6+ Kg8 39. Nxh5
Rd7 40. Bd5+ 1-0

[Event "Manhem GM 2012"]
[Site "www.ssmanhem.se"]
[Date "2012.08.15"]
[Round "7"]
[White "Nithander, Victor"]
[Black "Henrichs, Thomas"]
[Result "0-1"]
[WhiteElo "2438"]
[BlackElo "2493"]
[PlyCount "94"]
[EventDate "2012.??.??"]

1. c4 e6 2. Nf3 Nf6 3. g3 b6 4. Bg2 Bb7 5. O-O c5 6. d3 Be7 7. e4 d6 8. Nc3 O-O
9. Re1 a6 10. h3 Nbd7 11. Nh2 Ne5 12. f4 Nc6 13. g4 Nd7 14. Nf3 Rb8 15. g5 Re8
16. h4 Ba8 17. a4 Bf8 18. Be3 Nb4 19. Bf2 Bc6 20. Qe2 b5 21. axb5 axb5 22. cxb5
Bxb5 23. Nxb5 Rxb5 24. d4 Qb8 25. dxc5 Nxc5 26. Nd4 Rb6 27. Ra3 e5 28. fxe5
dxe5 29. Nf5 Rd8 30. Rd1 Rb7 31. Rxd8 Qxd8 32. Bg3 Nbd3 33. Qg4 Rxb2 34. Ra1
Ne6 35. Rd1 Qb6+ 36. Kh1 Nef4 37. Bf1 Nf2+ 38. Bxf2 Qxf2 39. Qg3 Qb6 40. Qe3
Qc7 41. Rc1 Qb7 42. Kg1 h5 43. Qc3 g6 44. Nh6+ Bxh6 45. gxh6 Qb6+ 46. Qc5 Qf6
47. Qa7 Rg2+ 0-1

[Event "Manhem GM 2012"]
[Site "www.ssmanhem.se"]
[Date "2012.08.15"]
[Round "7"]
[White "Tikkanen, Hans"]
[Black "Frisk Kockum, Anton"]
[Result "1-0"]
[WhiteElo "2570"]
[BlackElo "2329"]
[PlyCount "129"]
[EventDate "2012.??.??"]

1. d4 e6 2. c4 Nf6 3. Nc3 Bb4 4. e3 c5 5. Nge2 cxd4 6. exd4 O-O 7. a3 Be7 8.
Nf4 d5 9. cxd5 exd5 10. Be2 Nc6 11. Bf3 Be6 12. O-O Qd7 13. Be3 Rad8 14. b4 Bd6
15. h3 Bb8 16. Re1 Rfe8 17. Rc1 h6 18. Qd2 Rc8 19. Na4 b6 20. Nc3 Ne7 21. Nxe6
fxe6 22. Be2 Rf8 23. Ba6 Rcd8 24. Bd3 Nf5 25. Bb1 Nd6 26. Qd3 Nde4 27. Nxe4
dxe4 28. Qe2 Kh8 29. Rcd1 Qc7 30. g3 Qc3 31. Bc1 Rd7 32. Ba2 Qc6 33. Bb2 Rdf7
34. Rd2 Qd6 35. Bb1 Qd5 36. Bc1 Qg5 37. Bxe4 Nxe4 38. Qxe4 Rf3 39. Rd3 Qf5 40.
Rxf3 Qxf3 41. Qxf3 Rxf3 42. Rxe6 Kh7 43. Re8 Bd6 44. Rd8 Rc3 45. Bb2 Rb3 46.
Rxd6 Rxb2 47. Rd7 a5 48. bxa5 bxa5 49. Rd5 Rd2 50. a4 Rd1+ 51. Kg2 Kg6 52. Kf3
Kf6 53. Ke2 Ra1 54. Rxa5 Ra3 55. h4 g6 56. g4 h5 57. g5+ Ke6 58. f3 Ra2+ 59.
Ke3 Rh2 60. Ra6+ Kd5 61. Rxg6 Rxh4 62. a5 Rh1 63. a6 Ra1 64. Rf6 h4 65. g6 1-0

[Event "Manhem GM 2012"]
[Site "www.ssmanhem.se"]
[Date "2012.08.15"]
[Round "7"]
[White "Berg, Emanuel"]
[Black "Semcesen, Daniel"]
[Result "1/2-1/2"]
[WhiteElo "2576"]
[BlackElo "2463"]
[PlyCount "121"]
[EventDate "2012.??.??"]

1. e4 e5 2. Nf3 Nf6 3. Nxe5 d6 4. Nf3 Nxe4 5. d4 d5 6. Bd3 Nd6 7. O-O Be7 8.
Bf4 O-O 9. Re1 Re8 10. Nc3 c6 11. Ne2 Nd7 12. Ng3 Nf8 13. c3 Ne6 14. Be5 g6 15.
Qc2 Ng7 16. h3 Be6 17. Re2 f6 18. Bf4 Qd7 19. Rae1 Bf8 20. Nh2 Qf7 21. Ng4 Bxg4
22. hxg4 Rxe2 23. Rxe2 Re8 24. f3 Qd7 25. Kf1 Kf7 26. Rxe8 Qxe8 27. Ne2 a6 28.
Qb3 Qd7 29. Bxd6 Bxd6 30. c4 dxc4 31. Bxc4+ Kf8 32. Qe3 b5 33. Bb3 Ne8 34. Be6
Qg7 35. Bc8 a5 36. Nc3 Qe7 37. Qh6+ Kg8 38. Ne4 Bb8 39. Qc1 Qc7 40. Be6+ Kg7
41. a3 Ba7 42. Qc3 Qd8 43. Nc5 Nc7 44. Ba2 a4 45. g5 fxg5 46. d5+ Kh6 47. Nb7
Qd7 48. Qxc6 Qe7 49. Qd6 Nxd5 50. Bxd5 Qe3 51. Qh2+ Kg7 52. Qc7+ Kh6 53. Qh2+
Kg7 54. Qc7+ Kh6 55. Qc2 Qg1+ 56. Ke2 Qe3+ 57. Kd1 Qg1+ 58. Ke2 Qe3+ 59. Kd1
Qg1+ 60. Ke2 Qe3+ 61. Kd1 1/2-1/2